Mãn kinh : Liệu pháp dinh dưỡng
Sách cung cấp nhiều liệu pháp bổ sung khác nhau và chế độ dinh dưỡng hàng ngày không chỉ có lợi cho việc giảm nhẹ các rối loạn thể chất mà còn giúp bạn cải thiện sức khỏe và cảm thấy yêu đời hơn....
Saved in:
| Main Author: | |
|---|---|
| Format: | Book |
| Language: | Undetermined |
| Published: |
Hà Nội
Y Học
2006
|
| Subjects: | |
| Tags: |
Add Tag
No Tags, Be the first to tag this record!
|
| Institutions: | Trung tâm Học liệu Trường Đại học Cần Thơ |
|---|
| LEADER | 00898nam a2200229Ia 4500 | ||
|---|---|---|---|
| 001 | CTU_112370 | ||
| 008 | 210402s9999 xx 000 0 und d | ||
| 020 | |c 29000 | ||
| 082 | |a 613.04244 | ||
| 082 | |b Ch513 | ||
| 100 | |a Hồ, Kim Chung | ||
| 245 | 0 | |a Mãn kinh : | |
| 245 | 0 | |b Liệu pháp dinh dưỡng | |
| 245 | 0 | |c Hồ Kim Chung | |
| 260 | |a Hà Nội | ||
| 260 | |b Y Học | ||
| 260 | |c 2006 | ||
| 520 | |a Sách cung cấp nhiều liệu pháp bổ sung khác nhau và chế độ dinh dưỡng hàng ngày không chỉ có lợi cho việc giảm nhẹ các rối loạn thể chất mà còn giúp bạn cải thiện sức khỏe và cảm thấy yêu đời hơn. | ||
| 650 | |a Women,Women | ||
| 650 | |x Health and hygiene,Education | ||
| 904 | |i Hiếu | ||
| 980 | |a Trung tâm Học liệu Trường Đại học Cần Thơ | ||